000 00778nam a2200169 4500
005 20230629100247.0
008 230629b |||||||| |||| 00| 0 eng d
040 _cDE-2950
245 _aVerleihung des 21. Viadrina-Preises an Róża Gräfin von Thun und Hohenstein am 10. Oktober 2022 /
_cEuropa-Universität Vadrina Frankfurt (Oder) ; Redaktion: Abteilung Presse- und Öffentlichkeitsarbeit, Michaela Grün.
260 _aFrankfurt (Oder):
_bEuropa-Universität Viadrina,
_c2022;
300 _a72, 71 Seiten
_bIllustrationen
440 _pUniversitätsschriften / Europa-Universität Viadrina, Frankfurt (Oder)
_vNummer 38
653 _aViadrina Preis
653 _aRede
760 _bUniversitätsschriften / Europa-Universität Viadrina, Frankfurt (Oder)
942 _2z
_cB
999 _c372597
_d372597